Ah Ay - Statistics

General Stats
  • This quiz has been taken 16 times
  • The average score is 4 of 7
Answer Stats
Hint Extra Hint Answer % Correct
Kabul after what dangerous country is in ( capital city of country ) Afghanistan / Taliban
77%
Each one what is a independent country starts in Italy ( world ) Vatican City
77%
Each one has Additional for 197 ( world ) Countries of the Earth
62%
If Afghanistan was shapeshifted into ( world ) Taliban
54%
Each one has a COVID-19 in a year Not clue 2020
46%
An Europe is a richest while on Germany, it shows gather that GDP is high. ( contient ) 2021 or 2022
38%
Each one has a 190 Countries in a year Not clue 2000
23%
No matching quizzes found
Score Distribution
Percent of People with Each Score
Percentile by Number Answered
Your Score History
You have not taken this quiz